| 000 | 01070cam a22002651i 4500 | ||
|---|---|---|---|
| 001 | sa 68020078 | ||
| 003 | DLC | ||
| 005 | 20260227112722.0 | ||
| 008 | 830625s1966 io a 000 1 sun | ||
| 010 | _asa 68020078 | ||
| 035 | _a(OCoLC)9647336 | ||
| 040 |
_aDLC _cOAU _dWU _dDLC |
||
| 042 | _apremarc | ||
| 050 | 0 | 0 |
_aPL5454.A2 _bK27 |
| 245 | 0 | 0 |
_aAnting perak : _bkumpulan tjarita pondok pilihan / _credaksi: Saini Karnamisastra, Enoh Atmadibrata [djeung] Djadja Sargani. |
| 260 |
_aBandung : _bSargani, _c[1966] |
||
| 300 |
_a115 p. : _bill. ; _c20 cm. |
||
| 500 | _a"SES I-1." | ||
| 546 | _aIn Sundanese. | ||
| 505 | 0 | _aTamu ti Birma, ku Saini K. M.--Sarakah, ku L. Tolstoj.--Kiai modern, ku S. A. Hikmat.--Balebat harepan, ku A. A. Asdi.--Urang Kabul, ku R. Tagore.--Anting perak, ku N. Daningsih.--Kumbakarna, ku S Danasasmita.--Dehem, ku W. Wibisana.--Ramat lantjah, ku Akutagawa. | |
| 650 | 0 | _aShort stories, Sundanese. | |
| 700 | 1 |
_aKarnamisastra, Saini, _ecomp. |
|
| 700 | 1 |
_aAtmadibrata, Enoch, _ejoint comp. |
|
| 700 | 1 |
_aSargani, Djadja, _ejoint comp. |
|
| 999 |
_c89235 _d89235 |
||